Tarradellas, o, La reivindicació de la memòria : 1899-1988 / [comissariat: Jordi Casassas] 1899-1988 / [comissariat:
Publicado:
[Barcelona] :
Centre de Cultura Contemporània de Barcelona : Diputació de Barcelona, Xarxa de Municipis, DL 2003
Descripción Física:
[28] p.: il., fot ; 15 cm
Otros Autores:
Casassas, Jordi, 1948-
MARC
| LEADER | 00000nam a2200000Ia 4500 | ||
|---|---|---|---|
| 001 | 15389 | ||
| 008 | 160829s9999 xx 000 0 cat d | ||
| 080 | |a FU-33-86 | ||
| 245 | |a Tarradellas, o, La reivindicació de la memòria : |b 1899-1988 / [comissariat: |b Jordi Casassas] | ||
| 260 | |a [Barcelona] : |b Centre de Cultura Contemporània de Barcelona : |b Diputació de Barcelona, Xarxa de Municipis, DL 2003 | ||
| 300 | |a [28] p.: |b il., fot ; |c 15 cm | ||
| 590 | |a Fulletó editat amb motiu de l'exposició: 1899-1988 Tarradellas o la reivindicació de la memòria, al CCCB del 10 d'abril al 25 de maig de 2003 | ||
| 600 | 0 | |a Tarradellas, Josep, |d 1899-1988 |9 25479 | |
| 651 | 0 | |a Catalunya |x Política i govern |y 1975-1980, Transició |9 53734 | |
| 700 | |a Casassas, Jordi, |d 1948- |9 50016 | ||
| 710 | 2 | |a Centre de Cultura Contemporània de Barcelona |9 52510 | |
| 710 | 1 | |a Barcelona (Catalunya : Província). |b Diputació |9 52408 | |
| 901 | |a Arxiu | ||
| 942 | |n 1 | ||
| 952 | |0 0 |1 0 |4 0 |6 FU3386 |7 1 |9 48759 |a Arxiu |b Arxiu |d 2016-12-01 |l 0 |o FU-33-86 |p 15389 |r 2016-12-01 00:00:00 |w 2016-12-01 |y ARXIU | ||
| 999 | |c 52590 |d 52590 | ||